Kommunikation in der Wirtschaft Hörtexte

Uložené v:
Podrobná bibliografia
Médium: Kniha
Jazyk:German
Vydavateľské údaje: München Goethe-Institut
Predmet:
Tagy: Pridať tag
Žiadne tagy, Buďte prvý, kto otaguje tento záznam!

MARC

LEADER 00000nam a2200000 4500
001 0130249
005 20240318115023.4
020 |a 978-3-464-21321-6 
041 0 |a ger 
044 |a DE 
245 1 0 |a Kommunikation in der Wirtschaft  |b Hörtexte 
264 1 |a München  |b Goethe-Institut 
300 |a CD-ROM 
610 2 0 |a jazykoveda 
610 2 0 |a terminológia 
610 2 0 |a politika hospodárska 
610 2 0 |a obchod 
610 2 0 |a podnikanie 
610 2 0 |a nemčina